000 00306nam a22001337a 4500
008 210430b ||||| |||| 00| 0 eng d
041 _aeng
080 _a038
082 _a038
100 _a23
101 _aFJA
245 _aFunk & Wagnalls Standard Desk Dictionary
_cSidney I. Landau
942 _2udc
_cBK
999 _c57041
_d57041